[Event "10th Chigorin Mem B"]
[Site "St Petersburg RUS"]
[Date "2002.11.03"]
[Round "9"]
[White "Turkin,V"]
[Black "Loginov,Al"]
[Result "1-0"]
[WhiteElo "2254"]
[BlackElo "2334"]

1.e4 c5 2.Nf3 Nc6 3.Bb5 g6 4.Bxc6 dxc6 5.d3 Bg7 6.h3 Nf6 7.Nc3 O-O 8.Be3 b6
9.Qd2 Re8 10.Bh6 e5 11.Bxg7 Kxg7 12.O-O Nh5 13.Ne2 Qf6 14.Kh2 h6 15.Nfg1 g5
16.g3 Qd6 17.Qe3 Kh7 18.f4 gxf4 19.gxf4 f5 20.Qf3 Ng7 21.Ng3 Rf8 22.Rae1 Be6
23.exf5 exf4 24.Qxf4 Qxf4 25.Rxf4 Bxf5 26.Ref1 Kg6 27.Nf3  1-0

[Event "10th Chigorin Mem B"]
[Site "St Petersburg RUS"]
[Date "2002.11.03"]
[Round "9"]
[White "Karlovich,A"]
[Black "Golovchenko,G"]
[Result "0-1"]
[WhiteElo "2257"]
[BlackElo "2269"]

1.e4 c5 2.Nf3 Nc6 3.Bb5 g6 4.c3 Nf6 5.Qe2 Bg7 6.d4 cxd4 7.cxd4 a6 8.Bxc6 bxc6
9.Nc3 a5 10.Bg5 O-O 11.Qd2 Ba6 12.O-O-O d5 13.Bxf6 exf6 14.Rhe1 dxe4 15.Nxe4 f5
16.Nc3 Qd6 17.Kb1 Rfb8 18.Ka1 Rb4 19.a3 Rb3 20.Qe3 Rab8 21.Rd2 Bc4 22.Ne5 Bh6
23.Qxh6 Rxa3+ 24.Kb1 Rxc3 25.Nxc4 Rxc4 26.Rde2 Qd7 27.Re7 Rxb2+ 28.Ka1 Ra4+
29.Kxb2 Qxd4+ 30.Kc2 Rc4+ 31.Kb1 Qb6+  0-1

[Event "Olympiad w"]
[Site "Bled SLO"]
[Date "2002.11.04"]
[Round "9"]
[White "Lagvilava,G"]
[Black "Vijayalakshmi,S"]
[Result "0-1"]
[WhiteElo "2284"]
[BlackElo "2394"]

1.e4 c5 2.Nf3 Nc6 3.Bb5 g6 4.O-O Bg7 5.Qe2 e5 6.Bxc6 dxc6 7.b3 Nf6 8.d3 Qc7
9.Be3 b6 10.Na3 Nd7 11.c3 Nf8 12.d4 exd4 13.cxd4 Bg4 14.Qc4 Bxf3 15.gxf3 Ne6
16.d5 Bxa1 17.Rxa1 Qe5 18.Nc2 Nf4 19.Bxf4 Qxf4 20.Qc3 O-O 21.dxc6 Rac8 22.Qe3 Qd6
23.Qe2 Qxc6 24.Ne3 Rfe8 25.Rd1 Rcd8 26.Rxd8 Rxd8 27.Kg2 Re8 28.Qd2 h5 29.Nd5 Kg7
30.Qc3+ f6 31.Qd2 Qd6 32.Qd3 f5 33.Qb5 Re5 34.Qa4 a5 35.h4 Qe6 36.Nc3 Qe7
37.Kh3 Qe8 38.Qxe8 Rxe8 39.Kg3 Rc8 40.Kf4 c4 41.bxc4 Rxc4 42.Nd5 b5 43.Ke5 fxe4
44.fxe4 Rc2  0-1

[Event "Olympiad w"]
[Site "Bled SLO"]
[Date "2002.11.04"]
[Round "9"]
[White "Gretarsdottir,L"]
[Black "Milligan,H"]
[Result "1/2-1/2"]
[WhiteElo "2025"]
[BlackElo "2135"]

1.e4 c5 2.Nf3 Nc6 3.Bb5 g6 4.O-O Bg7 5.Re1 e5 6.Bxc6 dxc6 7.h3 Ne7 8.b3 O-O
9.Bb2 Qc7 10.d3 b5 11.Nbd2 f6 12.a4 Be6 13.Ba3 b4 14.Bb2 Rfd8 15.Qe2 Nc8
16.Qe3 Qe7 17.Nh2 Nb6 18.Ng4 h5 19.Nh2 Nd7 20.Qg3 Kh7 21.Nhf1 Bh6 22.Ne3 Rg8
23.Ndc4 Nf8 24.Qf3 Bd7 25.Kh1 Ne6 26.a5 Raf8 27.a6 Rb8 28.Na5 Nd4 29.Bxd4 cxd4
30.Nec4 c5 31.Nb7 Be6 32.Nbd6 Rgd8 33.Nb7 Rf8 34.Ncd6 Bc8 35.Ra5 Bxb7 36.Nxb7 Rfc8
37.Rea1 Bf8 38.Rb5 Qe6 39.Qd1 Kg8 40.Raa5 Be7 41.g4 h4 42.Kg2 g5 43.Qa1 Qc6
44.Qa4 Kf8 45.Qa1 Kg8 46.Qa4 Kf8  1/2-1/2

[Event "Olympiad w"]
[Site "Bled SLO"]
[Date "2002.11.04"]
[Round "9"]
[White "Klinova,M"]
[Black "Hamid,R"]
[Result "1-0"]
[WhiteElo "2374"]
[BlackElo "2148"]

1.e4 c5 2.Nf3 Nc6 3.Bb5 e6 4.Bxc6 dxc6 5.d3 Nf6 6.O-O Be7 7.Bg5 h6 8.Bh4 O-O
9.e5 Nd5 10.Bxe7 Qxe7 11.c4 Nf4 12.Qd2 Ng6 13.Nc3 b6 14.Qe3 Bb7 15.a4 Rfd8
16.a5 Qd7 17.Rfd1 Ba6 18.b3 Ne7 19.g4 Qc7 20.Ne4 Ng6 21.Ng3 Qe7 22.Rd2 Nf8
23.Ne4 Nd7 24.g5 hxg5 25.Nexg5 b5 26.Qe4 Nf8 27.Kh1 bxc4 28.bxc4 Rab8 29.Rg1 Rb3
30.Qg4 Ng6 31.Qh5 Rbxd3 32.Rxd3 Rxd3 33.Nh4 Nf8 34.Ne4 Nh7 35.Qg4 f5 36.exf6 Nxf6
37.Qg5 Nd5 38.cxd5 Qxg5 39.Rxg5 Rd1+ 40.Rg1 Rd4 41.Nxc5 Bc4 42.dxc6 Bd5+
43.f3 Rc4 44.Ne4 Bxc6 45.Rg4 Rc2 46.Ng6 Bb5 47.Ng5 Be2 48.Rh4 Bxf3+ 49.Nxf3 Kf7
50.Nfe5+ Kf6 51.Rf4+ Kg5 52.h4+ Kh5 53.Rf8  1-0

[Event "Olympiad w"]
[Site "Bled SLO"]
[Date "2002.11.04"]
[Round "9"]
[White "Skripchenko,A"]
[Black "Anhchimeg,B"]
[Result "1-0"]
[WhiteElo "2497"]
[BlackElo "2216"]

1.e4 c5 2.Nf3 Nc6 3.Bb5 g6 4.O-O Bg7 5.c3 Nf6 6.Re1 O-O 7.d4 d5 8.e5 Ne4
9.Nbd2 cxd4 10.cxd4 Qb6 11.Bxc6 Qxc6 12.Nxe4 dxe4 13.d5 Qc4 14.Ng5 Bxe5 15.Rxe4 Qc7
16.Nf3 Bf6 17.Bg5 Bf5 18.Rb4 Bxg5 19.Nxg5 h6 20.Nf3 Rfd8 21.Qd2 Qa5 22.a3 Kh7
23.Rd1 Rac8 24.h3 b6 25.Qe3 Rxd5 26.Rxd5 Qxd5 27.Qxe7 Rc1+ 28.Kh2 Rc2 29.Rd4 Qe6
30.Qf8 Rc8 31.Qb4 a5 32.Qd2 Rc2 33.Qf4 Rxb2 34.Rd8 Qf6 35.Rd6 Qe7 36.Qd4 Qc7
37.Qf6 Re2 38.Nd4 Rxf2 39.Kg1 Be6 40.Qe5 Rf6 41.Rxe6 Qc1+ 42.Qe1 Qf4 43.Re4 Qd6
44.Qe3 Qc5 45.Re5 Qc4 46.Nf3 Rd6 47.Re4 Rd1+ 48.Kh2 Qc7+ 49.Qf4 Qxf4+ 50.Rxf4 Kg7
51.Ne5 f5 52.Nc4 Rb1 53.Rd4 a4 54.Rd7+ Kf8 55.Rd6 b5 56.Ne5 Rb3 57.Rb6 g5
58.Nf3 f4 59.Nd4 Rxa3 60.Rxb5 Ra2 61.Rb6 a3 62.Rxh6 Rd2 63.Ne6+ Ke7 64.Nxg5 Rd6
65.Rh7+ Kf6 66.Ne4+ Kg6 67.Ra7 Rd3 68.Ra5 f3 69.g4 Re3 70.Nf2 Re1 71.Rxa3  1-0

[Event "Olympiad"]
[Site "Bled SLO"]
[Date "2002.11.05"]
[Round "10"]
[White "Thorhallsson,T"]
[Black "Espinosa,Ra MEX"]
[Result "1-0"]
[WhiteElo "2443"]
[BlackElo "2414"]

1.e4 c5 2.Nf3 Nc6 3.Bb5 g6 4.O-O Bg7 5.Re1 Nf6 6.c3 O-O 7.d3 d6 8.Bg5 h6
9.Bh4 g5 10.Bg3 Nh5 11.Nbd2 Nxg3 12.hxg3 Qb6 13.a4 Na5 14.Rb1 a6 15.Bc4 Bd7
16.Ba2 Qc7 17.Nf1 b5 18.axb5 axb5 19.Ne3 Nc6 20.Bb3 b4 21.d4 bxc3 22.bxc3 Qa5
23.Nc4 Qa7 24.Nb6 cxd4 25.Nxa8 Rxa8 26.cxd4 g4 27.d5 Nb4 28.Nh4 Qd4 29.Qxd4 Bxd4
30.Red1 Bc5 31.Rd2 Ra3 32.Kh2 Kg7 33.Bc4 Rc3 34.Bf1 Kf6 35.f3 h5 36.Be2 Re3
37.Rf1 Kg7 38.fxg4 hxg4 39.Rf4 Rc3 40.Nf5+ Bxf5 41.Rxf5 Nc2 42.Rg5+ Kf6 43.Rxg4 Be3
44.Rd1 Bg5 45.Rf1+ Kg6 46.Rxg5+ Kxg5 47.Rxf7 Nd4 48.Bd1 Rc7 49.Ba4 Ra7 50.Be8 Ra2
51.Bd7 Re2 52.Rf4 Nb3 53.Rf5+ Kh6 54.Rf4 Nc5 55.Bf5 Kg5 56.Kh3 Re1 57.Kh2 Nd3
58.Rg4+ Kf6 59.Rg6+ Kf7 60.g4 Ne5 61.Rh6 Re2 62.Kg3 Re3+ 63.Kf4 Re2 64.Rh7+ Kf8
65.Rh2 Kg7 66.g5 Rf2+ 67.Kg3 Rb2 68.Rh7+ Kf8 69.g6 Ra2 70.Kh3 Ra1 71.Kg3 Ra2
72.Kh3 Ra1 73.Kh4 Rg1 74.g3 Rg2 75.Kg5 Nf3+ 76.Kf4 Ne5 77.Rh8+ Kg7 78.Re8 Rf2+
79.Kg5 Nf3+ 80.Kh5 Rh2+ 81.Kg4 Ne5+ 82.Kg5 e6 83.Re7+ Kf8 84.Rxe6 Kg7 85.Re7+ Kf8
86.g7+ Kxe7 87.g8=Q Nf7+ 88.Kf4  1-0

[Event "Olympiad"]
[Site "Bled SLO"]
[Date "2002.11.05"]
[Round "10"]
[White "Ahmed,Es"]
[Black "Mallahi,A"]
[Result "1/2-1/2"]
[WhiteElo "2394"]
[BlackElo "2406"]

1.e4 c5 2.Nf3 Nc6 3.Bb5 g6 4.O-O Bg7 5.c3 Nf6 6.Re1 O-O 7.h3 d5 8.e5 Ne8
9.d4 cxd4 10.cxd4 Nc7 11.Bf1 f6 12.exf6 exf6 13.Nc3 Be6 14.Ne2 Bf7 15.g4 Re8
16.Be3 Nb5 17.Ng3 Nd6 18.Bd3 Ne4 19.Ne2 Qd7 20.Nh4 Re7 21.Nc3 Ng5 22.Bf1 Rae8
23.Bg2 Na5 24.b3 b6 25.Rc1 Nb7 26.Qd3 Ne4 27.f3 Nxc3 28.Qxc3 Nd6 29.Bf1 Nb5  1/2-1/2

[Event "Olympiad w"]
[Site "Bled SLO"]
[Date "2002.11.05"]
[Round "10"]
[White "Arribas,M"]
[Black "Anhchimeg,B"]
[Result "1/2-1/2"]
[WhiteElo "2348"]
[BlackElo "2216"]

1.e4 c5 2.Nf3 Nc6 3.Bb5 g6 4.O-O Bg7 5.c3 Nf6 6.d3 O-O 7.Be3 b6 8.h3 Bb7
9.Nbd2 Ne8 10.d4 cxd4 11.Nxd4 Nc7 12.Ba4 e5 13.Nxc6 dxc6 14.Nc4 Ne6 15.Qxd8 Rfxd8
16.Rfd1 Ba6 17.Na3 Rxd1+ 18.Rxd1 Rd8 19.Re1 b5 20.Bb3 Bf8 21.Bxe6 fxe6 22.b4 Bb7
23.Nb1 c5 24.Bxc5 Bxc5 25.bxc5 Kf7 26.f3 Ke7 27.Kf2 Rc8 28.Re2 Rxc5 29.Rd2 a5
30.Ke3 Ba6 31.Rb2 Rc4 32.a3 Rc7 33.Rd2  1/2-1/2

[Event "Olympiad w"]
[Site "Bled SLO"]
[Date "2002.11.05"]
[Round "10"]
[White "Velikhanli,F"]
[Black "Ankerst,Mil"]
[Result "1-0"]
[WhiteElo "2304"]
[BlackElo "2140"]

1.e4 c5 2.Nf3 Nc6 3.Bb5 e6 4.Bxc6 dxc6 5.e5 Ne7 6.Nc3 Nf5 7.d3 Be7 8.O-O b6
9.Re1 O-O 10.Ne4 h6 11.h3 Nd4 12.Nh2 f5 13.exf6 Bxf6 14.Ng4 Be7 15.Ne5 Bd6
16.Nxd6 Qxd6 17.c3 Nf5 18.Bf4 Ne7 19.Bh2 Qd8 20.Qe2 Qe8 21.Rad1 Ng6 22.Nc4 Bd7
23.Nd6 Qe7 24.Nc4 Nf4 25.Bxf4 Rxf4 26.Ne5 Be8 27.Qe3 Qf8 28.Ng4 Bd7 29.d4 cxd4
30.Rxd4 Rxd4 31.Qxd4 Rd8 32.Rd1 c5 33.Qd2 Qf5 34.Qd6 Kh7 35.Qe7 Qc2 36.Ne3  1-0

[Event "FSGM Nov"]
[Site "Budapest HUN"]
[Date "2002.11.05"]
[Round "4"]
[White "Szieberth,A"]
[Black "Jakab,A"]
[Result "1-0"]
[WhiteElo "2371"]
[BlackElo "2367"]

1.e4 c5 2.Nf3 Nc6 3.Bb5 e6 4.Bxc6 bxc6 5.O-O Ne7 6.d3 Ng6 7.Ng5 e5 8.Qh5 Qe7
9.Nxh7 d6 10.Nc3 Be6 11.g3 O-O-O 12.f4 exf4 13.gxf4 Nh4 14.f5 g6 15.Qg5 gxf5
16.Nxf8 Qxf8 17.Kh1 f6 18.Qg3 Qf7 19.Be3 Qh5 20.Rf2 fxe4 21.dxe4 f5 22.Bg5 fxe4
23.Bxd8 Rxd8 24.Rg1 Nf5 25.Qg5 Qxg5 26.Rxg5 Rf8 27.Nxe4 Bd5 28.Rf4 Re8 29.Rgg4 Ne3
30.Kg1 Re6 31.Rg7  1-0

[Event "Olympiad"]
[Site "Bled SLO"]
[Date "2002.11.06"]
[Round "11"]
[White "Bieluczyk,B"]
[Black "Johansen,D"]
[Result "0-1"]
[WhiteElo "2257"]
[BlackElo "2512"]

1.e4 c5 2.Nf3 Nc6 3.Bb5 Nf6 4.Nc3 g6 5.Bxc6 dxc6 6.d3 Bg7 7.O-O b6 8.h3 O-O
9.Re1 h6 10.e5 Nd5 11.Ne4 Be6 12.Qe2 Qd7 13.a3 Rad8 14.Bd2 a5 15.Rad1 Nc7
16.Bf4 Nb5 17.Qd2 Kh7 18.Nh2 a4 19.Nf3 Nd4 20.Nh2 Rfe8 21.c3 Nb5 22.Qe2 f5
23.exf6 exf6 24.Qf3 f5 25.Nd2 g5 26.Be5 Bd5 27.Qg3 Rxe5 28.Rxe5 f4 29.Qg4 Bxe5
30.Qxd7+ Rxd7 31.c4 Bf7 32.cxb5 cxb5 33.Ne4 Kg6 34.Nc3 Bb3 35.Rd2 b4 36.Ne2 Bxb2
37.Rxb2 bxa3 38.Rb1 a2 39.Ra1 Rxd3 40.Nf1 Rd1  0-1

[Event "Olympiad w"]
[Site "Bled SLO"]
[Date "2002.11.06"]
[Round "11"]
[White "Skripchenko,A"]
[Black "Son,O"]
[Result "1-0"]
[WhiteElo "2497"]
[BlackElo "2169"]

1.e4 c5 2.Nf3 Nc6 3.Bb5 a6 4.Bxc6 dxc6 5.h3 e5 6.d3 Qc7 7.Be3 g6 8.Qd2 b6
9.a4 a5 10.Qc3 Bg7 11.Nbd2 Ne7 12.Nc4 f6 13.O-O Be6 14.Nfd2 g5 15.Rfe1 O-O
16.Nf1 Ng6 17.Ng3 Nh4 18.Kh2 Kh8 19.Qd2 Rab8 20.Qe2 Qd7 21.Rad1 Rfd8 22.c3 Qf7
23.b3 Bf8 24.d4 cxd4 25.cxd4 Bb4 26.dxe5 Bxc4 27.bxc4 Bxe1 28.Rxe1 h6 29.exf6 Qxf6
30.Bc1 Kh7 31.Bb2 Qe6 32.Qc2 Rb7 33.e5+ Qg6 34.Ne4 Rf7 35.Qb3 Re8 36.Qxb6 g4
37.Ng3 gxh3 38.Kxh3 Nf5 39.Kh2 Re6 40.Nxf5 Qxf5 41.Kg1 Qc2 42.Qd4 Qxa4 43.Qe4+ Kh8
44.f4 Qb4 45.Re2 Qf8 46.Rf2 a4 47.f5 a3 48.Bxa3 Qxa3 49.fxe6 Qc1+ 50.Kh2 Rxf2
51.e7 Rxg2+ 52.Qxg2 Qf4+ 53.Qg3 Qd2+ 54.Kg1 Qd7 55.Qh4 Qd1+ 56.Kf2 Qd2+ 57.Kf3 Qd3+
58.Kg4 Qe4+ 59.Kh5 Qxe5+ 60.Kg6 Kg8 61.Qf6 Qg3+ 62.Kf5 Qd3+ 63.Ke5 Qc3+ 64.Ke6 Qxc4+
65.Kd7 Qd3+ 66.Qd6 Qh7 67.Kd8  1-0

[Event "Olympiad w"]
[Site "Bled SLO"]
[Date "2002.11.06"]
[Round "11"]
[White "Klinova,M"]
[Black "Botsari,A"]
[Result "1/2-1/2"]
[WhiteElo "2374"]
[BlackElo "2320"]

1.e4 c5 2.Nf3 Nc6 3.Bb5 e6 4.O-O Nge7 5.c3 a6 6.Ba4 b5 7.Bc2 Bb7 8.a4 Ng6
9.d4 cxd4 10.Nxd4 Nxd4  1/2-1/2

[Event "Olympiad w"]
[Site "Bled SLO"]
[Date "2002.11.06"]
[Round "11"]
[White "Hunt,H"]
[Black "Ankerst,Mil"]
[Result "1-0"]
[WhiteElo "2406"]
[BlackElo "2140"]

1.e4 c5 2.Nf3 Nc6 3.Bb5 g6 4.Bxc6 bxc6 5.O-O Bg7 6.Re1 e5 7.c3 Ne7 8.d4 cxd4
9.cxd4 exd4 10.Nxd4 O-O 11.Nc3 Bb7 12.Nb3 d5 13.Bg5 f6 14.Be3 dxe4 15.Nxe4 Nd5
16.Bc5 Re8 17.Qc2 Ba6 18.Bd4 Qc7 19.Nbc5 Qa5 20.a3 Rad8 21.b4 Qb5 22.Qb2 Bc8
23.Nxf6+ Nxf6 24.Bxf6 Bxf6 25.Qxf6 Rf8 26.Qc3 Rf7 27.Rad1 Qb6 28.Qc4 Kg7
29.h3 Rxd1 30.Rxd1 Qc7 31.Qd4+ Kg8 32.Qh4 Bf5 33.Rd8+ Rf8 34.Rxf8+ Kxf8 35.Qf6+ Kg8
36.g4 Bc8 37.Ne4 Qd7 38.Nd6 Ba6 39.f4 Bc4 40.Kf2 Bd5 41.f5 a5 42.fxg6 axb4
43.axb4 Qa7+ 44.Kf1 hxg6 45.Qxg6+ Kf8 46.Qf6+ Kg8 47.Nf5 Qa6+ 48.Ke1 Qa7
49.Ne7+ Kh7 50.Qg6+  1-0

[Event "Olympiad"]
[Site "Bled SLO"]
[Date "2002.11.06"]
[Round "11"]
[White "Nedev,T"]
[Black "Ramesh,R"]
[Result "0-1"]
[WhiteElo "2481"]
[BlackElo "2475"]

1.e4 c5 2.Nf3 Nc6 3.Bb5 Nf6 4.e5 Nd5 5.O-O Nc7 6.Bxc6 dxc6 7.d3 g6 8.Nbd2 Bg7
9.Ne4 b6 10.h3 O-O 11.Bf4 Ne6 12.Bh2 a5 13.Re1 Bh6 14.a4 Ra7 15.Nfd2 Nd4
16.Nc4 Bf5 17.c3 Ne6 18.Qb3 b5 19.axb5 a4 20.Rxa4 Rxa4 21.Qxa4 Qxd3 22.Ng3 cxb5
23.Qxb5 Bxh3 24.Na3 Qxb5 25.Nxb5 Bf5 26.Nxf5 gxf5 27.Rd1 Rb8 28.c4 Ra8 29.Bg3 Bg5
30.f3 Ra4 31.b3 Ra2 32.Rb1 Be3+ 33.Kf1 Bd2 34.Be1 Bf4 35.Bc3 Rc2 36.Rb2 Rc1+
37.Kf2 Rh1 38.Nc7 Nxc7  0-1

[Event "Olympiad"]
[Site "Bled SLO"]
[Date "2002.11.06"]
[Round "11"]
[White "Agnelio,A"]
[Black "Zambrana,O"]
[Result "1/2-1/2"]
[WhiteElo "2266"]
[BlackElo "2389"]

1.e4 c5 2.Nf3 Nc6 3.Bb5 g6 4.O-O Bg7 5.Re1 e5 6.Bxc6 dxc6 7.d3 Bg4 8.h3 Bxf3
9.Qxf3 Ne7 10.Be3 b6 11.a4 a5 12.Na3 O-O 13.Qe2 Qc7 14.Nc4 h6 15.Qd2 g5 16.f3 Kh7
17.Bf2 Rae8 18.Ne3 Qd7 19.Nc4 Qc7 20.Ne3 Qd7 21.Nc4 Qc7  1/2-1/2

[Event "Olympiad"]
[Site "Bled SLO"]
[Date "2002.11.06"]
[Round "11"]
[White "Kulashko,A"]
[Black "Gonda,G"]
[Result "1/2-1/2"]
[WhiteElo "2400"]
[BlackElo "2223"]

1.e4 c5 2.Nf3 Nc6 3.Bb5 d6 4.d4 cxd4 5.Qxd4 Bd7 6.Qd3 Nf6 7.Nc3 e6 8.Bf4 a6
9.Ba4 b5 10.Bb3 Qc7 11.O-O Be7 12.Rad1 Ne5 13.Nxe5 dxe5 14.Bg5 Bc6 15.a3 O-O
16.Bxf6 Bxf6 17.Qd6 Rac8 18.Qxc7 Rxc7 19.Rfe1 Be7 20.Na2 Bb7 21.c3 Rfc8 22.Rd2 Kf8
23.f3 Rd8 24.Rxd8+ Bxd8 25.Rd1 Be7 26.Kf2 Bc5+ 27.Ke2 Ke7 28.Nc1 f5 29.Bc2 g6
30.g4 Kf6 31.Nd3 Be7 32.Ke3 h5 33.g5+ Kxg5 34.Nxe5 Bc5+ 35.Ke2 Kf6 36.Nd7+ Ke7
37.Ne5 g5 38.exf5 exf5 39.h4 gxh4 40.Ng6+ Kf6 41.Nxh4 Re7+ 42.Kf1 Rg7 43.b4 Ba7
44.Rd6+ Ke5 45.Ke2 Rc7 46.Rd3 Bc8 47.Ng6+ Kf6 48.Nf4 Rh7 49.Nd5+ Kg6 50.f4 Be6
51.Ne3 Rd7 52.Rxd7 Bxd7 53.Ng2 Be6 54.Nh4+ Kf6 55.a4 Bc4+ 56.Kf3 bxa4 57.Bxa4 Bd5+
58.Ke2 Bb8 59.Ke3 Ba7+ 60.Ke2 Bb8 61.Ke3 Ba7+  1/2-1/2

[Event "Olympiad"]
[Site "Bled SLO"]
[Date "2002.11.06"]
[Round "11"]
[White "Vella,D"]
[Black "Kawuma,S"]
[Result "0-1"]
[WhiteElo "2200"]
[BlackElo "2053"]

1.e4 c5 2.Nf3 Nc6 3.Bb5 d6 4.d4 cxd4 5.Qxd4 Bd7 6.Bxc6 Bxc6 7.Nc3 Nf6 8.Bg5 e6
9.O-O-O Be7 10.Rhe1 Qc7 11.Nd5 exd5 12.exd5 Nxd5 13.Bxe7 Nxe7 14.Rxe7+ Kxe7  0-1

[Event "Olympiad"]
[Site "Bled SLO"]
[Date "2002.11.06"]
[Round "11"]
[White "Nevednichy,V"]
[Black "Hossain,Enam"]
[Result "1/2-1/2"]
[WhiteElo "2555"]
[BlackElo "2396"]

1.e4 c5 2.Nf3 Nc6 3.Bb5 g6 4.Bxc6 dxc6 5.d3 Bg7 6.h3 Nf6 7.Nc3 O-O 8.Be3 b6
9.Qd2 e5 10.Bh6 Qd6 11.g4 a5 12.Rg1 b5 13.Ne2 c4 14.Bxg7 Kxg7 15.dxc4 Nxe4
16.Qxd6 Nxd6 17.Nxe5 Re8 18.Nxc6 Nxc4 19.b3 Na3 20.Nd4 Ba6 21.O-O-O Rac8
22.Rd2 b4 23.c4 bxc3 24.Nxc3 Rxc3+ 25.Kb2 Rxh3 26.Kxa3 h5 27.gxh5 Rxh5 28.Rc1 Rc8
29.Rxc8 Bxc8 30.b4 Bd7 31.Nb3 axb4+ 32.Kxb4 Be6 33.Nc5 Rh4+ 34.Kb5 Bc4+ 35.Kb6 Rh1
36.a4 Rb1+ 37.Kc7 g5 38.Rc2 Bd5 39.a5 Ra1 40.a6 g4 41.Kd6 Bf3 42.Ke5 Kg6
43.Kf4 Ra5 44.Rc3 Ra2 45.Kg3 Kg5 46.Nd3 Ra1 47.Rc1 Ra3 48.Ne5 Ba8+ 49.f3 f6
50.Nf7+ Kg6 51.Nh8+ Kf5 52.Rc5+ Ke6 53.Kxg4 Bxf3+ 54.Kf4 Ba8 55.Ng6 Rxa6
56.Kg4 Be4 57.Nf4+ Kd6 58.Rc1 Ra8 59.Nh5 f5+ 60.Kf4 Rh8 61.Nf6 Ke6 62.Nxe4 Rh4+
63.Kf3 Ke5  1/2-1/2

[Event "Olympiad w"]
[Site "Bled SLO"]
[Date "2002.11.07"]
[Round "12"]
[White "Sheremetieva,M"]
[Black "Llaneza Vega,P"]
[Result "1/2-1/2"]
[WhiteElo "2329"]
[BlackElo "2312"]

1.e4 c5 2.Nf3 Nc6 3.Bb5 g6 4.Bxc6 dxc6 5.h3 Bg7 6.d3 Nf6 7.Nc3 Nd7 8.Be3 e5
9.Qd2 Qe7 10.O-O b6 11.Bh6 f6 12.Bxg7 Qxg7 13.Nh2 O-O 14.Ne2 Kh8 15.f4 exf4
16.Nxf4 Ne5 17.Rf2 Bd7 18.Raf1 Rae8 19.Qc3 Bc8 20.a4 Qe7 21.Ne2 Kg7 22.Nc1 Qd6
23.Nb3 Rd8 24.a5 Be6 25.Nd2 b5 26.Ndf3 b4 27.Qe1 Qc7 28.Qa1 b3 29.Nxe5 Qxe5
30.Nf3 Qd6 31.Ne1 c4 32.cxb3 cxd3 33.Rd2 Qd4+ 34.Rff2 Qxe4 35.Qd1 Bxb3 36.Qxb3 Qxe1+
37.Kh2 Rd7 38.g3 Re8 39.Qc3 Re6 40.h4 h5 41.Kg2 Qe4+ 42.Rf3 Red6 43.Kf2 Qd4+
44.Qxd4 Rxd4 45.b3 g5 46.a6 Kg6 47.Kg2 R7d5 48.Re3 Re5 49.Rdxd3 Rxd3 50.Rxd3 Re2+
51.Kf3 Ra2 52.hxg5 Kxg5 53.Rc3 Rxa6 54.Rc5+ f5 55.b4 Ra3+ 56.Kg2 Ra4 57.Rxc6 Rxb4
58.Ra6 Rb7 59.Ra4 Kf6 60.Kf3 Re7 61.Ra6+ Kg5 62.Ra4 Rf7 63.Kg2 Kf6 64.Kf3 Ke5
65.Ra5+ Kd4 66.Kf4 Kc4 67.Kg5 Kb4 68.Ra6 Kb5 69.Ra3 a5 70.Kxh5 f4 71.Kg6 Rf8
72.Kg7 Rf5 73.Kg6 Rf8  1/2-1/2

[Event "Olympiad"]
[Site "Bled SLO"]
[Date "2002.11.07"]
[Round "12"]
[White "Kassinopoullos,D"]
[Black "Chan Peng Kong"]
[Result "1/2-1/2"]
[WhiteElo "2114"]
[BlackElo "2373"]

1.e4 c5 2.Nf3 Nc6 3.Bb5 g6 4.Bxc6 dxc6 5.d3 Bg7 6.O-O Bg4 7.Nc3 Nf6 8.Be3 b6
9.h3 Bxf3 10.Qxf3 Nd7 11.Qe2 e5 12.f4 exf4 13.Rxf4 O-O 14.Raf1 Ne5 15.Qf2 Bh6
16.Rf6 Bxe3 17.Qxe3 Qd4 18.Qxd4 cxd4 19.Ne2 Rad8 20.Kf2 Kg7 21.Ke1 h5 22.R6f2 Rd6
23.Kd2 f6 24.b3 Re8 25.Rf4 Red8 26.R4f2 Rc8 27.Rf4 Re8 28.R4f2 Rb8 29.a4 a5  1/2-1/2

[Event "Olympiad"]
[Site "Bled SLO"]
[Date "2002.11.08"]
[Round "13"]
[White "Moiseenko,A"]
[Black "Nedev,T"]
[Result "1-0"]
[WhiteElo "2570"]
[BlackElo "2481"]

1.e4 c5 2.Nf3 Nc6 3.Bb5 e6 4.Bxc6 bxc6 5.d3 Ne7 6.Qe2 f6 7.Nh4 g6 8.f4 Bg7
9.O-O O-O 10.c4 d6 11.Nc3 Rb8 12.Be3 Rb7 13.Rf2 h6 14.g3 g5 15.Ng2 Ng6 16.Raf1 Bd7
17.h4 gxf4 18.gxf4 Kh7 19.h5 Nh8 20.f5 exf5 21.exf5 Re8 22.Ne4 Bc8 23.Qg4 Nf7
24.Qg6+ Kh8 25.Qg3 Ne5 26.Rd1 Rbe7 27.Nh4 d5 28.cxd5 cxd5 29.Nxc5 d4 30.Bf4 Qd5
31.Bxe5 Rxe5 32.Ng6+ Kg8 33.Nxe5 Qxc5 34.Rg2 Re7 35.Ng4 Qc6 36.Re1 Rxe1+
37.Qxe1 Bb7 38.Rg3 Kh7 39.Nf2 Qc7 40.Ne4 Qf4 41.Rxg7+ Kxg7 42.Qg3+ Qxg3+
43.Nxg3 Ba6 44.Ne2 Bxd3 45.Nxd4 Kf7 46.Kf2 Bc4 47.b3 Bd5 48.Ke3 Ke7 49.Kf4 a6
50.Ne2 Bf7 51.Ng3 Kd8 52.Ke4 Kc7 53.Kd4 Kc6 54.Ne4 Bxh5 55.Nxf6 Bf3 56.Ke5 Kb5
57.Nd5 Kc5 58.Nf4 Kc6 59.f6 Kd7 60.Kf5  1-0

[Event "Olympiad"]
[Site "Bled SLO"]
[Date "2002.11.08"]
[Round "13"]
[White "Kveinys,A"]
[Black "Degraeve,JM"]
[Result "0-1"]
[WhiteElo "2530"]
[BlackElo "2575"]

1.e4 c5 2.Nf3 Nc6 3.Bb5 g6 4.O-O Bg7 5.c3 Nf6 6.Re1 O-O 7.d4 d5 8.e5 Ne4
9.Bxc6 bxc6 10.Nbd2 cxd4 11.cxd4 c5 12.dxc5 Nxc5 13.Nb3 Nxb3 14.Qxb3 d4 15.Bg5 h6
16.Bh4 g5 17.Bg3 Bf5 18.Rad1 d3 19.e6 f6 20.Rd2 h5 21.Rc1 Rc8 22.Rxc8 Qxc8
23.Nd4 Bg6 24.f4 gxf4 25.Bxf4 Qc5 26.Qc3 Qxc3 27.bxc3 Rc8 28.Kf2 Be4 29.Rb2 Rxc3
30.Rb8+ Kh7 31.Re8 Rc4 32.Be3 Rc7 33.Rd8 f5 34.Nf3 Rc2+ 35.Kg3 Rxa2 36.Rd7 Bf6
37.Bxa7 Ra6 38.Bd4 Bxd4 39.Nxd4 Kg6 40.Kf4 Ra2 41.Rd8 Rf2+ 42.Ke5 Bxg2 43.Nb3 Re2+
44.Kf4 h4 45.Rg8+ Kf6 46.Rf8+ Kg6 47.Rg8+ Kh7 48.Rd8 Be4 49.h3 Kg6 50.Nc5 d2
51.Nb3 Kf6 52.Rxd2 Rxd2 53.Nxd2 Bg2 54.Nc4 Bxh3 55.Ne3 Bg4  0-1

[Event "Olympiad"]
[Site "Bled SLO"]
[Date "2002.11.08"]
[Round "13"]
[White "Aldama,D"]
[Black "Leitao,R"]
[Result "1/2-1/2"]
[WhiteElo "2443"]
[BlackElo "2548"]

1.e4 c5 2.Nf3 Nc6 3.Bb5 g6 4.Bxc6 dxc6 5.h3 Bg7 6.O-O b6 7.Nc3 Nh6 8.d3 O-O
9.a4 a5 10.Be3 f6 11.d4 cxd4 12.Qxd4 Qxd4 13.Nxd4 Bd7 14.Rfd1 Rfb8 15.f4 Rb7
16.Rd3 Nf7 17.Rad1 e5 18.Nf3 exf4 19.Bxf4 Be8 20.g4 Rc8 21.R1d2 Kf8 22.Kf2 Ke7  1/2-1/2

[Event "Olympiad"]
[Site "Bled SLO"]
[Date "2002.11.08"]
[Round "13"]
[White "Agnelio,A"]
[Black "Valiente,C"]
[Result "1/2-1/2"]
[WhiteElo "2266"]
[BlackElo "2330"]

1.e4 c5 2.Nf3 Nc6 3.Bb5 d6 4.O-O Bd7 5.Re1 Nf6 6.c3 e6 7.d4 cxd4 8.cxd4 d5
9.e5 Ne4 10.Bd3 f5 11.exf6 Nxf6 12.Nc3 Bd6 13.a3 O-O 14.Bc2 a6 15.Bg5 Qc7
16.Rc1 Rae8 17.Ne5 Bc8 18.f4 g6 19.Kh1 Qg7 20.Re3 Nh5 21.Ne2 Be7 22.Nxc6 bxc6
23.Bxe7 Rxe7 24.Rf3 Ref7 25.Qd2 Bd7 26.Ba4 g5 27.Bxc6 Bxc6 28.Rxc6 Nxf4 29.Nxf4 Rxf4
30.Rxf4 gxf4 31.Rxe6 Kh8 32.Re5 Qg6 33.Re1 Re8 34.h3 Re4 35.Qf2 Qf6 36.Rd1 Re3
37.Qd2 Re4 38.Qd3 Re3 39.Qd2 Qe6 40.Rf1 Qe4 41.Qb4 Rxh3+ 42.Kg1 Qe3+ 43.Rf2 Qc1+
44.Rf1 Qe3+  1/2-1/2

[Event "Olympiad w"]
[Site "Bled SLO"]
[Date "2002.11.08"]
[Round "13"]
[White "Houska,Jo"]
[Black "Dembo,Y"]
[Result "1/2-1/2"]
[WhiteElo "2397"]
[BlackElo "2375"]

1.e4 c5 2.Nf3 Nc6 3.Bb5 g6 4.O-O Bg7 5.c3 Nf6 6.Re1 O-O 7.d4 cxd4 8.cxd4 d5
9.e5 Ne4 10.Bxc6 bxc6 11.Nbd2 Nxd2 12.Bxd2 Qb6 13.Qa4 Bg4 14.Ba5 Qa6 15.Nd2 Rfb8
16.Nb3 Rb5 17.Qa3 Bf8 18.Bb4 Qb7 19.Nc5 Qc8 20.h3 Bf5 21.Na4 Qd8 22.Nc3 Rb7
23.b3 a5 24.Bc5 Bh6 25.Qb2 a4 26.Red1 axb3 27.axb3 Rxa1 28.Rxa1 f6 29.exf6 exf6
30.Qa3 Bd2 31.b4 Qe8 32.Qb2 Bh6 33.Qa2 Be6 34.Re1 Kf7 35.Qa6 Qc8 36.Na4 Rb8
37.Qe2 Qe8 38.Bd6 Rd8 39.Bc5 Rb8 40.Qf3 Bd2 41.Re2 Ra8 42.Qb3 Bf4 43.g3 Bc7
44.Re1 Qd7 45.Bb6 Bd6 46.Nc5 Bxc5 47.Bxc5 Kg7 48.g4 Qf7 49.Qg3 Qd7 50.f4 Bf7
51.Re7 Ra1+ 52.Kf2 Ra2+ 53.Ke1 Ra1+ 54.Kd2 Ra2+ 55.Kc1 Qc8 56.Qe3 Qa8 57.Rxf7+ Kxf7
58.Qe7+ Kg8 59.Qe6+ Kg7 60.Qe7+  1/2-1/2

[Event "Olympiad w"]
[Site "Bled SLO"]
[Date "2002.11.08"]
[Round "13"]
[White "Koskela,N"]
[Black "Ankerst,Mil"]
[Result "1/2-1/2"]
[WhiteElo "2271"]
[BlackElo "2140"]

1.e4 c5 2.Nf3 Nc6 3.Bb5 g6 4.Bxc6 bxc6 5.O-O Bg7 6.Re1 Nh6 7.c3 f6 8.d4 cxd4
9.cxd4 Nf7 10.Nc3 O-O 11.Be3 Qa5 12.Qd2 Ba6 13.h3 Rab8 14.Rac1 Rfc8 15.b3 e6
16.Nh2 Qb4 17.f4 f5 18.e5 Bf8 19.Na4 Qxd2 20.Bxd2 Re8 21.Nf3 Bd3 22.Nc5 Bxc5
23.dxc5 Be4 24.Nd4 Bd5 25.Kf2 Kg7 26.Re3 h6 27.Ree1 Rb7 28.Ne2 g5 29.g3 Kg6
30.Nc3 Rbb8 31.Re3 Nd8 32.Rd3 Nf7 33.Rg1 Rb7 34.Ke2 Rh8 35.Kd1 Rc8 36.g4 h5
37.Rdg3 fxg4 38.hxg4 hxg4 39.Rxg4 Bf3+ 40.Kc2 Bxg4 41.Rxg4 Kf5 42.Rg2 g4
43.Ne2 Nh6 44.Ng3+ Kg6 45.Ne4 Rg8 46.Nf6 Rg7 47.Nxg4 Nxg4 48.Rxg4+ Kf7 49.Rh4 Rb8
50.Rh3 Rbg8 51.Rd3 Ke8 52.Rd4 Rg2 53.Ra4 Rh2 54.Rd4 Rg3 55.Kc1 Rf3 56.Kd1 Ke7
57.Kc1 Rff2 58.Kc2 Rf3 59.Kc1 Kd8 60.Kc2 Kc8 61.Kc1 Rg3 62.Kc2 Rg7 63.Kc1 Kd8
64.Kc2 Ke8 65.Kc1 Kf8 66.Kc2 Ke7 67.Kc1 Rg1+ 68.Kc2 Ra1 69.Kb2 Rf1 70.Kc2 Rg2
71.Kc3 Rf3+ 72.Kc2 Rgg3 73.Be1 Rg2+ 74.Bd2  1/2-1/2